[Event "Mittelfr. EM - Qualifikationsturnier"]
[Site "Büchenbach"]
[Date "2011.04.22"]
[Round "7.2"]
[White "Dittmar, Thomas"]
[Black "Braun, Michael"]
[Result "0-1"]
[WhiteElo "1974"]
[BlackElo "1849"]
[PlyCount "50"]
[EventDate "2011.??.??"]
[WhiteTeam "SF Fürth 1951 e.V."]
[BlackTeam "SG Büchenbach/Roth e.V."]

1. d4 d5 2. c4 c6 3. Nf3 Nf6 4. Nc3 e6 5. e3 Bd6 6. Qc2 Nbd7 7. g4 Nxg4 8. Rg1
Nxh2 9. Nxh2 Bxh2 10. Rxg7 h5 11. e4 Qf6 12. Rg2 Bc7 13. cxd5 exd5 14. e5 Nxe5
15. dxe5 Qxe5+ 16. Qe2 h4 17. Be3 Be6 18. O-O-O h3 19. Rg5 Qf6 20. Rh5 Rxh5 21.
Qxh5 h2 22. Bg2 O-O-O 23. Bd4 Qf4+ 24. Kb1 Rg8 25. Bh1 Bg4 0-1

[Event "Mittelfr. EM - Qualifikationsturnier"]
[Site "Büchenbach"]
[Date "2011.04.22"]
[Round "7.3"]
[White "Bildt, Thomas"]
[Black "Weißmann, Peter"]
[Result "1-0"]
[WhiteElo "1996"]
[BlackElo "1848"]
[PlyCount "81"]
[EventDate "2011.??.??"]
[WhiteTeam "SK Zirndorf e.V."]
[BlackTeam "SK Zirndorf e.V."]

1. d4 Nf6 2. Nf3 e6 3. Bg5 d5 4. c4 Be7 5. e3 b6 6. Nc3 O-O 7. Bd3 Bb7 8. Rc1
Nbd7 9. O-O Rc8 10. Qa4 dxc4 11. Bxc4 Bxf3 12. gxf3 c5 13. Ba6 Rb8 14. Bf4 Nh5
15. Bxb8 Nxb8 16. Rfd1 Nxa6 17. Qxa6 Bd6 18. Ne4 Bxh2+ 19. Kxh2 f5 20. Ng3 f4
21. Qf1 Qh4+ 22. Qh3 fxg3+ 23. fxg3 Qg5 24. Qxe6+ Kh8 25. Qg4 Qh6 26. Kg2 Nf6
27. Qf4 g5 28. Qe5 Re8 29. Qf5 Rxe3 30. Rh1 Qg7 31. dxc5 g4 32. Rcf1 gxf3+ 33.
Rxf3 Rxf3 34. Qxf3 bxc5 35. Rf1 Ng8 36. Qc3 Qxc3 37. bxc3 Kg7 38. Rf5 c4 39.
Rc5 Ne7 40. Rxc4 Nf5 41. Rc7+ 1-0

[Event "Mittelfr. EM - Qualifikationsturnier"]
[Site "Büchenbach"]
[Date "2011.04.22"]
[Round "7.4"]
[White "Lais, Thomas"]
[Black "Müller, Maximilian"]
[Result "0-1"]
[WhiteElo "1953"]
[BlackElo "1775"]
[PlyCount "82"]
[EventDate "2011.??.??"]
[WhiteTeam "SW Nürnberg Süd e.V."]
[BlackTeam "SG Büchenbach/Roth e.V."]

1. e4 e5 2. Nf3 Nc6 3. Bb5 Nf6 4. O-O Bc5 5. d3 Qe7 6. c3 a6 7. Ba4 b5 8. Bb3
h6 9. d4 Bb6 10. Re1 d6 11. h3 Bd7 12. a4 Na5 13. axb5 axb5 14. Bc2 O-O 15.
Nbd2 Nb7 16. Rxa8 Rxa8 17. b4 c6 18. Nf1 Bc7 19. Ne3 Nh7 20. Nf5 Qe8 21. N3h4
Bd8 22. Qg4 Bg5 23. Bxg5 Nxg5 24. f4 exf4 25. Qxf4 Qe6 26. Re3 Kh8 27. Kh2 Re8
28. e5 dxe5 29. Rxe5 Qf6 30. Rxe8+ Bxe8 31. Qb8 Nd8 32. Qc7 Nge6 33. Qd6 g6 34.
d5 cxd5 35. Nd4 Qxh4 36. Qe5+ f6 37. Qxd5 Qf4+ 38. Kg1 Qe3+ 39. Kh2 Qe5+ 40.
Qxe5 fxe5 41. Nxe6 Nxe6 0-1

[Event "Mittelfr. EM - Qualifikationsturnier"]
[Site "Büchenbach"]
[Date "2011.04.22"]
[Round "7.5"]
[White "Thürauf, Peter"]
[Black "Dietrich, Jochen"]
[Result "1/2-1/2"]
[WhiteElo "1890"]
[BlackElo "1953"]
[PlyCount "23"]
[EventDate "2011.??.??"]
[WhiteTeam "SW Nürnberg Süd e.V."]
[BlackTeam "SG Büchenbach/Roth e.V."]

1. Nf3 Nf6 2. d4 g6 3. c4 Bg7 4. g3 d6 5. Bg2 O-O 6. O-O c6 7. Nc3 Nbd7 8. h3
e5 9. Be3 Nh5 10. dxe5 Nxe5 11. Nxe5 dxe5 12. Bc5 1/2-1/2

[Event "Mittelfr. EM - Qualifikationsturnier"]
[Site "Büchenbach"]
[Date "2011.04.22"]
[Round "7.6"]
[White "Ruderer, Thomas"]
[Black "Zhao, Kevin"]
[Result "0-1"]
[WhiteElo "1778"]
[BlackElo "1851"]
[PlyCount "56"]
[EventDate "2011.??.??"]
[WhiteTeam "SC Heideck-Hilpoltstein"]
[BlackTeam "SC Erlangen 48/88 e.V."]

1. e4 e6 2. d4 d5 3. Nd2 Nf6 4. e5 Nfd7 5. Bd3 c5 6. c3 Nc6 7. Ne2 Qb6 8. Nf3
Be7 9. O-O f6 10. dxc5 Bxc5 11. exf6 Nxf6 12. b4 Bd6 13. Be3 Qc7 14. h3 e5 15.
Bc2 Bd7 16. Bg5 Ne7 17. Rc1 O-O-O 18. a4 h6 19. Bxf6 gxf6 20. Bb3 Be6 21. Re1
Rhg8 22. Nf4 Bf7 23. Nxd5 Nxd5 24. Bxd5 e4 25. c4 exf3 26. Qxf3 Kb8 27. c5 Bxd5
28. cxd6 Qxc1 0-1

[Event "Mittelfr. EM - Qualifikationsturnier"]
[Site "Büchenbach"]
[Date "2011.04.22"]
[Round "7.7"]
[White "Korth, Manfred"]
[Black "Gajewski, Richard"]
[Result "0-1"]
[WhiteElo "1812"]
[BlackElo "1711"]
[PlyCount "76"]
[EventDate "2011.??.??"]
[WhiteTeam "SC Heideck-Hilpoltstein"]
[BlackTeam "FC Gunzenhausen 1910 e.V"]

1. Nf3 d5 2. g3 c6 3. Bg2 Nf6 4. d3 h6 5. Nbd2 Bf5 6. O-O g5 7. Qe1 e6 8. e4
Bg6 9. Qe2 Bc5 10. e5 Ng8 11. Nb3 Bb6 12. Be3 Nd7 13. c4 Ne7 14. g4 Bc7 15.
Rad1 Rf8 16. h4 Nxe5 17. Nxe5 Bxe5 18. hxg5 hxg5 19. Bxg5 Bc7 20. Bf6 Qd6 21.
f4 O-O-O 22. cxd5 Nxd5 23. Bxd5 Qxd5 24. Bxd8 Rxd8 25. Qf3 Bxd3 26. Qxd5 Rxd5
27. Rfe1 Bxf4 28. Nc1 Bg6 29. Rxd5 cxd5 30. Ne2 Bd6 31. Nc3 a6 32. Kf2 Kd7 33.
Kf3 Be7 34. Rc1 Bg5 35. Rh1 Bf6 36. Rh3 Kd6 37. Rh1 Bxc3 38. bxc3 Be4+ 0-1

[Event "Mittelfr. EM - Qualifikationsturnier"]
[Site "Büchenbach"]
[Date "2011.04.22"]
[Round "7.8"]
[White "Diebel, Günter"]
[Black "Dürr, Florian"]
[Result "1/2-1/2"]
[WhiteElo "1704"]
[BlackElo "1811"]
[PlyCount "96"]
[EventDate "2011.??.??"]
[WhiteTeam "SG Büchenbach/Roth e.V."]
[BlackTeam "SC Erlangen 48/88 e.V."]

1. e4 e6 2. Bc4 d5 3. exd5 exd5 4. Bb3 c6 5. d4 Bd6 6. Ne2 Ne7 7. Bf4 Bf5 8.
Bxd6 Qxd6 9. Ng3 Nd7 10. Qf3 Qe6+ 11. Qe2 Qxe2+ 12. Nxe2 O-O-O 13. Nd2 Rhe8 14.
O-O-O Nf6 15. f3 Ng6 16. Rde1 h5 17. g3 Re3 18. Nc3 Rde8 19. Rxe3 Rxe3 20. Kd1
h4 21. Re1 Rxe1+ 22. Kxe1 hxg3 23. hxg3 Kc7 24. Kf2 Be6 25. Ne2 b6 26. Ke3 c5
27. dxc5 bxc5 28. c4 d4+ 29. Kf2 Kd6 30. a3 Ne5 31. Nf4 Bd7 32. Bc2 g5 33. Nd3
Bf5 34. Nxe5 Kxe5 35. Bxf5 Kxf5 36. b4 Nd7 37. Ne4 cxb4 38. axb4 Ne5 39. Nxg5
Kxg5 40. f4+ Kf5 41. fxe5 Kxe5 42. Ke2 Ke4 43. c5 Kd5 44. Kd3 f5 45. Kd2 Kc6
46. Ke2 Kd5 47. Kd3 a6 48. Kd2 Ke6 1/2-1/2

[Event "Mittelfr. EM - Qualifikationsturnier"]
[Site "Büchenbach"]
[Date "2011.04.22"]
[Round "7.9"]
[White "Burger, Thomas"]
[Black "Bayer, Rolf"]
[Result "1/2-1/2"]
[WhiteElo "1695"]
[BlackElo "1718"]
[PlyCount "60"]
[EventDate "2011.??.??"]
[WhiteTeam "SAbt Wolframs-Eschenbach"]
[BlackTeam "SC Noris-Tarrasch Nürnberg 1873"]

1. d4 e5 2. dxe5 Nc6 3. f4 Bc5 4. Nf3 f6 5. e6 dxe6 6. Qxd8+ Nxd8 7. Nc3 a6 8.
e4 Nc6 9. Bd2 Bd7 10. O-O-O O-O-O 11. a3 Nge7 12. Bd3 h6 13. g4 Nd4 14. Nxd4
Bxd4 15. Ne2 Ba7 16. h4 g6 17. Bc3 Rhf8 18. g5 hxg5 19. hxg5 fxg5 20. fxg5 Be3+
21. Bd2 Bxd2+ 22. Kxd2 Bc6 23. Ke3 Rh8 24. Rh6 Rxh6 25. gxh6 e5 26. h7 Rh8 27.
Rh1 b5 28. Ng1 Kd7 29. Nf3 Ke6 30. c4 Be8 1/2-1/2

[Event "Mittelfr. EM - Qualifikationsturnier"]
[Site "Büchenbach"]
[Date "2011.04.22"]
[Round "7.11"]
[White "Walch, Roger"]
[Black "Meulner, Fabian"]
[Result "0-1"]
[WhiteElo "1747"]
[BlackElo "1813"]
[PlyCount "78"]
[EventDate "2011.??.??"]
[WhiteTeam "SW Nürnberg Süd e.V."]
[BlackTeam "SW Nürnberg Süd e.V."]

1. e4 c5 2. Nf3 g6 3. d4 cxd4 4. Nxd4 Bg7 5. Be3 Nf6 6. Nc3 O-O 7. Qd2 Nc6 8.
f3 d6 9. O-O-O a6 10. h4 Nxd4 11. Bxd4 b5 12. h5 e5 13. Be3 b4 14. Na4 Qa5 15.
b3 Rb8 16. hxg6 Bd7 17. Bc4 Bxa4 18. bxa4 Qxa4 19. Bb3 Qa3+ 20. Kb1 a5 21.
gxh7+ Kh8 22. Bh6 Ne8 23. Bxg7+ Nxg7 24. Qxd6 a4 25. Bc4 Qc3 26. Qd3 Rb6 27.
Qxc3 bxc3+ 28. Ka1 Rb2 29. Bxf7 Rxc2 30. g4 Rd2 31. Rxd2 cxd2 32. Bg6 Rxf3 33.
Rb1 Ne6 34. Rb8+ Nf8 35. Rd8 Rf1+ 36. Kb2 d1=Q 37. Rxd1 Rxd1 38. Bf5 Nxh7 39.
Ka3 Rd4 0-1

[Event "Mittelfr. EM - Qualifikationsturnier"]
[Site "Büchenbach"]
[Date "2011.04.22"]
[Round "7.12"]
[White "Zedlitz, Friedemann"]
[Black "Babichev, Vyacheslav"]
[Result "1-0"]
[WhiteElo "1715"]
[BlackElo "1786"]
[PlyCount "53"]
[EventDate "2011.??.??"]
[WhiteTeam "SG Büchenbach/Roth e.V."]
[BlackTeam "SW Nürnberg Süd e.V."]

1. e4 d6 2. d4 Nf6 3. Nc3 g6 4. Be2 Bg7 5. f4 e6 6. Nf3 O-O 7. O-O c6 8. e5 Nd5
9. Ne4 dxe5 10. fxe5 h6 11. a4 a5 12. c4 Nb4 13. Bd2 N8a6 14. Qc1 g5 15. h3 Bd7
16. Ra3 b5 17. Nfxg5 f5 18. exf6 Bxf6 19. Nxf6+ Rxf6 20. Ne4 Rxf1+ 21. Qxf1 Qe7
22. Nf6+ Kh8 23. Nxd7 Qxd7 24. Qf4 Qh7 25. Rg3 Rg8 26. Qf6+ Rg7 27. Bxh6 1-0

[Event "Mittelfr. EM - Qualifikationsturnier"]
[Site "Büchenbach"]
[Date "2011.04.22"]
[Round "7.14"]
[White "Siegl, Adrian"]
[Black "Vennemann, Jürgen"]
[Result "0-1"]
[WhiteElo "1383"]
[BlackElo "1937"]
[PlyCount "148"]
[EventDate "2011.??.??"]
[WhiteTeam "SW Nürnberg Süd e.V."]
[BlackTeam "SC Hersbruck"]

1. e4 c6 2. d4 d5 3. e5 Bf5 4. Nf3 e6 5. Nbd2 c5 6. c3 Nc6 7. Bb5 Qb6 8. Bxc6+
bxc6 9. O-O Bg4 10. h3 Bh5 11. Nb3 cxd4 12. cxd4 Bxf3 13. Qxf3 c5 14. Qd1 c4
15. Nd2 Ne7 16. Nf3 Nc6 17. Rb1 Be7 18. b3 O-O 19. Bg5 Bxg5 20. bxc4 Qd8 21.
cxd5 exd5 22. Qa4 Rc8 23. Rfe1 Be7 24. Re2 Qa5 25. Qxa5 Nxa5 26. Rb5 Nc6 27.
Rxd5 Rfd8 28. Rxd8+ Rxd8 29. Rd2 Rd5 30. Kh2 Bd8 31. Rd3 Bb6 32. Rc3 Nxd4 33.
Rc8+ Bd8 34. Ra8 Nxf3+ 35. gxf3 a5 36. Kg3 Kf8 37. Kf4 Ke7 38. Ke4 Rc5 39. Ra7+
Bc7 40. Kd4 Rc2 41. f4 Ke6 42. Ke4 Rc4+ 43. Kf3 Kf5 44. Kg3 h5 45. h4 Rc3+ 46.
f3 Rc2 47. a3 f6 48. Rb7 fxe5 49. Rb5 Kf6 50. fxe5+ Bxe5+ 51. f4 Rc3+ 52. Kf2
Bd4+ 53. Ke2 Rxa3 54. Rxh5 a4 55. Ra5 Re3+ 56. Kd1 a3 57. Ra6+ Kf5 58. Ra4 Ke4
59. f5 Kd3 60. Rxa3+ Bc3 61. Rxc3+ Kxc3 62. f6 gxf6 63. h5 Kd3 64. h6 Rh3 65.
Ke1 Rxh6 66. Kf2 Rh3 67. Kg2 Re3 68. Kf2 Ke4 69. Kg2 Rf3 70. Kg1 Kf4 71. Kg2
Kg4 72. Kh1 Rf2 73. Kg1 Kg3 74. Kh1 Rf1# 0-1

[Event "Mittelfr. EM - Qualifikationsturnier"]
[Site "Büchenbach"]
[Date "2011.04.22"]
[Round "7.15"]
[White "Müller, Roland"]
[Black "Andersen, Ernst"]
[Result "1/2-1/2"]
[WhiteElo "1635"]
[BlackElo "1562"]
[PlyCount "102"]
[EventDate "2011.??.??"]
[WhiteTeam "SV Lauf a.d.P."]
[BlackTeam "Privatverein Roth e.V."]

1. b3 Nf6 2. Bb2 e6 3. f4 Be7 4. Nf3 d6 5. e3 c5 6. Bb5+ Bd7 7. Bxd7+ Nbxd7 8.
O-O Qc7 9. d3 O-O 10. Nbd2 b5 11. Qe2 a6 12. Ng5 h6 13. Nge4 d5 14. Ng3 Bd6 15.
Nh5 e5 16. g3 e4 17. Nxf6+ Nxf6 18. Bxf6 gxf6 19. Qg4+ Kh7 20. dxe4 dxe4 21.
Nxe4 Be7 22. Qf5+ Kg7 23. Rfd1 Rad8 24. Rd3 c4 25. Rd4 Rxd4 26. exd4 Rd8 27. c3
Qc6 28. b4 Rd5 29. Qg4+ Kh7 30. Qe2 Qe6 31. Re1 Kg7 32. Nf2 Qxe2 33. Rxe2 Kf8
34. Ng4 h5 35. Ne3 Rd6 36. f5 Bd8 37. Kg2 Bb6 38. Kf3 Bc7 39. Rd2 a5 40. a3 a4
41. d5 Rd8 42. Ng2 Be5 43. Ne3 Bxc3 44. Rc2 Be5 45. Ke4 Re8 46. Kf3 Bd4 47. Ng2
Rd8 48. Nf4 Be5 49. Ke4 Re8 50. Kf3 Rd8 51. Ke4 Re8 1/2-1/2

[Event "Mittelfr. EM - Qualifikationsturnier"]
[Site "Büchenbach"]
[Date "2011.04.22"]
[Round "7.16"]
[White "Wild, Erwin"]
[Black "Lutter, Maximilian"]
[Result "1-0"]
[WhiteElo "1605"]
[BlackElo "1271"]
[PlyCount "87"]
[EventDate "2011.??.??"]
[WhiteTeam "SG Büchenbach/Roth e.V."]
[BlackTeam "SK Neumarkt e.V."]

1. c4 c5 2. Nc3 Nf6 3. g3 d5 4. cxd5 Nxd5 5. Bg2 Nc7 6. Qc2 e5 7. Nf3 Nc6 8. a3
Be7 9. e3 O-O 10. O-O Be6 11. d3 h6 12. Re1 Qd7 13. Rd1 Bh3 14. Bh1 Bg4 15. Rd2
Qf5 16. Ne1 Qd7 17. Ne4 b6 18. Nc3 Rad8 19. Qa4 Na5 20. Qc2 Nc6 21. Rb1 Rfe8
22. b3 Bf8 23. Bb2 Kh8 24. Ne4 f5 25. Nc3 e4 26. Rc1 Ne6 27. f3 exf3 28. Nxf3
Bxf3 29. Bxf3 Ng5 30. Bg2 Rxe3 31. Kf2 Rde8 32. b4 Nd4 33. Qd1 cxb4 34. Nd5
Nh3+ 35. Bxh3 Qxd5 36. Bg2 Qd7 37. a4 b3 38. Qh5 Nc2 39. Qxh6+ Kg8 40. Qg6 Bb4
41. Bc6 Qe7 42. Bd5+ Kf8 43. Qxf5+ Qf6 44. Bxf6 1-0

[Event "Mittelfr. EM - Qualifikationsturnier"]
[Site "Büchenbach"]
[Date "2011.04.22"]
[Round "7.17"]
[White "Dreiseitel, Ursula"]
[Black "Siegl, Melina"]
[Result "0-1"]
[WhiteElo "1509"]
[BlackElo "1585"]
[PlyCount "72"]
[EventDate "2011.??.??"]
[WhiteTeam "SC Noris-Tarrasch Nürnberg 1873"]
[BlackTeam "SW Nürnberg Süd e.V."]

1. d4 f5 2. c4 Nf6 3. Nc3 g6 4. Bg5 Bg7 5. Nf3 d6 6. Qd2 O-O 7. Bh6 Ng4 8. Bxg7
Kxg7 9. h3 Nf6 10. e3 Qe8 11. Be2 a6 12. O-O Nbd7 13. Rfe1 e5 14. dxe5 Nxe5 15.
Nxe5 Qxe5 16. Qd4 Be6 17. Qxe5 dxe5 18. Rad1 Rad8 19. b3 Rd7 20. Rxd7+ Bxd7 21.
Rd1 Bc6 22. Nd5 Bxd5 23. cxd5 Rd8 24. d6 Rxd6 25. Rc1 c6 26. Rc2 Kf8 27. a4 Ke7
28. b4 b5 29. axb5 axb5 30. f3 Nd5 31. Rc5 Ke6 32. g4 Nxe3 33. Kf2 Nd5 34.
gxf5+ gxf5 35. Kg3 Nxb4 36. Rc1 Rd4 0-1

[Event "Mittelfr. EM - Qualifikationsturnier"]
[Site "Büchenbach"]
[Date "2011.04.22"]
[Round "7.18"]
[White "Münzenberg, Dietrich"]
[Black "Dreiseitel, Werner"]
[Result "1/2-1/2"]
[WhiteElo "1575"]
[BlackElo "1523"]
[PlyCount "56"]
[EventDate "2011.??.??"]
[WhiteTeam "Spvg Zabo-Eintracht Nürnberg e.V"]
[BlackTeam "SC Noris-Tarrasch Nürnberg 1873"]

1. d4 d5 2. Bg5 c6 3. Nd2 h6 4. Bh4 Bf5 5. f3 Nd7 6. e4 dxe4 7. fxe4 Bh7 8.
Ngf3 Ngf6 9. Bd3 Qa5 10. O-O e6 11. h3 Be7 12. a3 O-O 13. c4 Qc7 14. Rc1 c5 15.
Bb1 cxd4 16. Nxd4 Qb6 17. Bf2 Qxb2 18. Nb5 Qe5 19. Kh1 b6 20. Nf3 Qb8 21. Nc3
Bxa3 22. Rc2 Rd8 23. Qe2 Nc5 24. Ra2 Bb4 25. e5 Bxb1 26. Rxb1 Bxc3 27. Bxc5 Nd7
28. Bd6 Qc8 1/2-1/2

[Event "Mittelfr. EM - Qualifikationsturnier"]
[Site "Büchenbach"]
[Date "2011.04.22"]
[Round "7.19"]
[White "Dorner, Hans"]
[Black "Stahl, Peter"]
[Result "0-1"]
[WhiteElo "1675"]
[BlackElo "1600"]
[PlyCount "56"]
[EventDate "2011.??.??"]
[WhiteTeam "SC Heideck-Hilpoltstein"]
[BlackTeam "SAbt Wolframs-Eschenbach"]

1. e4 Nf6 2. e5 Nd5 3. d4 d6 4. c4 Nb6 5. f4 dxe5 6. fxe5 Nc6 7. Be3 Bf5 8. a3
e6 9. Nc3 Be7 10. Nf3 f6 11. d5 exd5 12. Bxb6 axb6 13. cxd5 Nxe5 14. Bb5+ Bd7
15. Nxe5 fxe5 16. Qh5+ g6 17. Qxe5 O-O 18. d6 Bh4+ 19. g3 Bxb5 20. O-O-O Qg5+
21. Qxg5 Bxg5+ 22. Kb1 Bc6 23. Rhe1 cxd6 24. Rxd6 Rad8 25. Red1 Rxd6 26. Rxd6
Rf2 27. h4 Bf6 28. Rd3 Bxc3 0-1

[Event "Mittelfr. EM - Qualifikationsturnier"]
[Site "Büchenbach"]
[Date "2011.04.22"]
[Round "7.20"]
[White "Kellmann, Andreas"]
[Black "Hollmann, Thomas"]
[Result "1/2-1/2"]
[WhiteElo "1396"]
[BlackElo "1441"]
[PlyCount "69"]
[EventDate "2011.??.??"]
[WhiteTeam "SG Büchenbach/Roth e.V."]
[BlackTeam "SG Büchenbach/Roth e.V."]

1. e4 e6 2. d4 d5 3. exd5 exd5 4. Bd3 Bd6 5. Nc3 Ne7 6. Nge2 Nbc6 7. Be3 Be6 8.
Qd2 a6 9. a3 Qd7 10. O-O Ng6 11. Nf4 Nce7 12. Rfe1 Bxf4 13. Bxf4 Nxf4 14. Qxf4
Ng6 15. Qf3 c6 16. Bf5 O-O 17. Bxe6 fxe6 18. Qe3 Rf6 19. Na4 Re8 20. Qb3 b5 21.
Nc5 Qa7 22. a4 Qb6 23. axb5 axb5 24. Ra6 Qc7 25. g3 e5 26. Qa3 Re7 27. Ra8+ Kf7
28. dxe5 Nxe5 29. Re3 Nc4 30. Rxe7+ Qxe7 31. Qa7 Nxb2 32. Qxe7+ Kxe7 33. Ra7+
Kd6 34. Nb3 Rg6 35. Nd4 1/2-1/2

[Event "Mittelfr. EM - Qualifikationsturnier"]
[Site "Büchenbach"]
[Date "2011.04.22"]
[Round "7.21"]
[White "Gottlieb, Michael"]
[Black "Drechsel, Simon"]
[Result "0-1"]
[WhiteElo "1217"]
[BlackElo "1202"]
[PlyCount "80"]
[EventDate "2011.??.??"]
[WhiteTeam "SC Postbauer-Heng e.V"]
[BlackTeam "SK Neumarkt e.V."]

1. e4 Nf6 2. Nc3 d5 3. e5 d4 4. exf6 dxc3 5. fxg7 cxd2+ 6. Bxd2 Bxg7 7. c3 b6
8. Nf3 Bb7 9. Bc4 Nc6 10. Qe2 Qd6 11. Rd1 O-O-O 12. O-O Qg6 13. Ba6 Rhg8 14.
Bxb7+ Kxb7 15. Nh4 Qc2 16. Qe3 Rd3 17. Qe2 Rgd8 18. Nf3 Bh6 19. Ne1 Rxd2 20.
Nxc2 Rxe2 21. Rxd8 Nxd8 22. Nd4 Rxb2 23. Nf5 Bg5 24. f4 Bf6 25. Re1 e6 26. Nd4
Bxd4+ 27. cxd4 Nc6 28. Rd1 Rxa2 29. d5 exd5 30. Rxd5 Ne7 31. Rh5 Ng6 32. f5 Nf8
33. Rh6 Ra5 34. Rf6 Nd7 35. Rxf7 Kc6 36. f6 Rf5 37. Rxh7 Rxf6 38. h4 a5 39. h5
Ne5 40. Rh8 Ng4 0-1